Responses for Show #8087 - Tuesday, November 5, 2019

2019 Tournament of Champions quarterfinal game 2.

Contestants

[<< previous game]

Rachel Lindgren, an astronomy interpreter from Bend, Oregon

Dhruv Gaur, a student at Brown University from Gainesville, Georgia

Rob Worman, an engagement manager from Edina, Minnesota

[next game >>]

Jeopardy! Round responses

FROCK AROUND THE CLOCK
ALL-TIME WINNERS
THIS LAND IS YOUR LANDLOCKED COUNTRY
"WATER" YOU SAYING?
RADIOACTIVE ELEMENTS
BEFORE & LAUGHTER
    $200 30
tea

Rachel
    $200 28
Wimbledon

Dhruv
    $200 29
Laos

Rob
    $200 25
a water sign

Rachel
    $200 26
the Pacific

Dhruv
    $200 23
the witness stand-up comic

Rachel
    $400 24
a high-low

Rachel
    $400 27
Manny Pacquiao

Dhruv
    $400 16
Bolivia

Rachel
    $400 2
water skiing

Rachel
    $400 18
nobelium

Rachel
    $400 22
a one-liner note

Rob
    $600 20
slip

Triple Stumper
    $600 9
the Stanley Cup

Dhruv
    $600 12
Kosovo

Rachel
    $600 10
watercress

Dhruv
    $600 15
fermium

Dhruv
    $600 21
Simon Le Bon mot

Rob
    $800 14
a shift

Dhruv
    $800 5
Bill Russell

Dhruv
    $800 4
Paraguay

Rachel
    $800 3
Waterford

Rachel
    $800 1
(Rob: What is potassium?)

uranium

RobDhruv
    $800 19
(Rachel: What is Adam's rib, uh...
[Time's up.]
(Rachel: Poker?)
...
(Rob: What is [**]?)
[Rob's response was ruled incorrect and the decision was reversed after the break.]

Adam's rib tickler (Adam's ribbing)

RobRachel
    $1000 17
a sheath

Dhruv
    $1000 8
freestyle

Dhruv
    $1000 6
Rwanda

Dhruv
    $1000 7
a watershed

Dhruv
    $3,000 11
(Dhruv: What are radium and curium?)

radium and polonium

Dhruv
    $1000 13
Cracker Jack Handeys

Rob

Scores at the first commercial break (after clue 15):

Rob Dhruv Rachel
$200 $4,200 $2,600

Scores at the end of the Jeopardy! Round:

Rob Dhruv Rachel
$2,200 $6,000 $3,600

Double Jeopardy! Round responses

THE DARK AGES
PAC-12 SCHOOLS
FICTIONAL CHARACTERS
POP CULTURE
GEOGRAPHICA
ANAGRAMS OF EACH OTHER
    $400 25
the Roman Empire

Dhruv
    $400 24
Seattle

Triple Stumper
    $400 30
Aslan

Rob
    $400 29
Hobbs & Shaw

Rob
    $400 21
GPS

Rob
    $400 26
(Rob: Uh, what is a mousetrap?)

trap & part

RobDhruv
    $800 17
elves

Rachel
    $800 23
University of Arizona

Triple Stumper
    $5,400 10
(Alex: Rob?)
(Rob: Who is... Mrs. Ferkins?)

Miss Havisham

Rob
    $800 28
(Rob: Apropos.)

Hägar the Horrible

Rob
    $800 20
altitude (elevation)

Dhruv
    $800 27
(Rob: [Sighs])

shout & south

RobRachel
    $1200 15
(Rob: What is the metric system?)

the alphabet

Rob
Triple Stumper
    $1200 22
USC

Dhruv
    $1200 9
Celie

Triple Stumper
    $1200 19
the 1970s

Rachel
    $1200 18
Mancs (Mancunians)

Rob
    $1200 3
loaf & foal

Rob
    $1600 12
the Book of Kells

Dhruv
    $1600 14
University of Colorado

Rob
    $1600 8
Nick Adams

Triple Stumper
    $1600 16
Stranger Things

Dhruv
    $1600 5
(Dhruv: What are the Poles? The [*]?)
(Alex: Thank you.)

the North and South Pole

Dhruv
    $1600 1
lance & clean

Rachel
    $2,000 11
(Rob: What is a heretic?)

an iconoclast

Rob
    $2000 13
the University of Utah

Triple Stumper
    $2000 7
O-Lan

Triple Stumper
    $2000 6
Annette Funicello

Rob
    $2000 4
a mull

Triple Stumper
    $2000 2
search & chaser

Rachel

Scores at the end of the Double Jeopardy! Round:

Rob Dhruv Rachel
$400 $13,600 $10,000

Final Jeopardy! Round responses

THE 50 STATES
RobWhat is VA MA
$399
RachelWhat is Massachusetts?
$3,601
DhruvWhat is Massachusetts
$6,401
Massachusetts

Final scores:

Rob Dhruv Rachel
$799 $20,001 $13,601
3rd place: $5,000 if eliminated Automatic semifinalist 2nd place: $5,000 if eliminated

Game dynamics:

Coryat scores:

Rob Dhruv Rachel
$7,800 $16,600 $10,000
13 R,
6 W
(including 2 DDs)
20 R,
1 W
(including 1 DD)
15 R,
1 W

Combined Coryat: $34,400

[game clues] [game scores] [suggest correction]

Game tape date: 2019-09-17
The J! Archive is created by fans, for fans. Scraping, republication, monetization, and malicious use prohibited; this site may use cookies and collect identifying information. See terms. The Jeopardy! game show and all elements thereof, including but not limited to copyright and trademark thereto, are the property of Jeopardy Productions, Inc. and are protected under law. This website is not affiliated with, sponsored by, or operated by Jeopardy Productions, Inc. Join the discussion at JBoard.tv.